Loading...
| Science - Other | 0 | 6 | 1 | 2 | 55 | 47 | 85.17 | 0 | 0 | 13.63 | 35.10 |
| Religion | 0 | 4 | 1 | 1 | 35 | 63 | 92.00 | 0 | 0 | 6.84 | 21.62 |
| Literature - American | 0 | 3 | 1 | 0 | 25 | 63 | 93.33 | 1 | 1 | 4.96 | 12.88 |
| Science - Biology | 0 | 4 | 3 | 0 | 25 | 57 | 70.75 | 0 | 1 | 13.81 | 23.39 |
| Science - Chemistry | 0 | 4 | 3 | 0 | 25 | 76 | 85.50 | 0 | 0 | 6.19 | 13.38 |
| History - American | 0 | 2 | 0 | 0 | 20 | 66 | 78.50 | 0 | 0 | 6.08 | 6.06 |
| Literature - British | 0 | 2 | 0 | 1 | 20 | 41 | 76.00 | 0 | 1 | 6.90 | 10.35 |
| Fine Arts - Classical Music | 0 | 2 | 0 | 1 | 20 | 121 | 123.50 | 0 | 0 | 0.29 | 1.92 |
| Literature - European | 0 | 1 | 0 | 0 | 10 | 75 | 75.00 | 0 | 0 | 3.59 | 9.09 |
| Fine Arts - Other | 0 | 1 | 0 | 1 | 10 | 99 | 99.00 | 0 | 0 | 0.00 | 9.09 |
| History - European | 0 | 1 | 0 | 1 | 10 | 98 | 98.00 | 0 | 0 | 0.00 | 9.09 |
| History - Other | 0 | 1 | 0 | 1 | 10 | 110 | 110.00 | 0 | 0 | 0.00 | 1.01 |
| Philosophy | 0 | 1 | 0 | 0 | 10 | 108 | 108.00 | 0 | 0 | 0.00 | 1.25 |
| Social Science | 0 | 1 | 1 | 0 | 5 | 93 | 93.00 | 0 | 0 | 2.10 | 4.76 |
| Mythology | 0 | 1 | 2 | 0 | 0 | 69 | 69.00 | 0 | 0 | 3.59 | 4.55 |
| Science - Physics | 0 | 3 | 6 | 2 | 0 | 66 | 96.33 | 0 | 0 | 3.54 | 12.37 |
| Literature - World | 0 | 0 | 1 | 0 | -5 | 0.00 | 0 | 0 | 0.00 | 0.00 | |
| History - World | 0 | 0 | 1 | 0 | -5 | 0.00 | 0 | 0 | 0.00 | 0.00 | |
| Fine Arts - Painting and Sculpture | 0 | 0 | 1 | 0 | -5 | 0.00 | 0 | 0 | 0.00 | 0.00 |